| 000 | 00437nam a2200181Ia 4500 | ||
|---|---|---|---|
| 003 | GCL | ||
| 008 | 140319s9999 xx 000 0 eng d | ||
| 040 |
_aGCL / _cGCL |
||
| 082 | 0 | 4 |
_aCC _b932 _bV S |
| 100 | 1 | _aVAN DER HEYDEN | |
| 245 | 1 | 0 |
_aSOUVENIR OF ASWAN, ABU SIMBEL / _cVAN DER HEYDEN |
| 260 |
_a[S.N] : _bAL AHRAM |
||
| 300 | _a63 | ||
| 650 | 0 | 4 | _aANCIENT EGYPT |
| 650 | 0 | 4 | _aHISTORY |
| 650 | 0 | 4 | _aARCHAEOLOGY |
| 942 |
_2ddc _cBK |
||
| 999 |
_c11273 _d11273 |
||